| 000 | 02329nam0a2200385 i 4500 | ||
|---|---|---|---|
| 001 | RU\NLR\bibl\1932734 | ||
| 005 | 20260405142706.0 | ||
| 010 |
_a9785769588556 _91500 |
||
| 021 |
_aRU _b2012-52276 _93811 |
||
| 035 | _a(NLR Aleph) 001922079 | ||
| 090 |
_a3320000 _c3320000 |
||
| 100 | _a20120808d2012 u y0rusy50 ca | ||
| 101 | 0 |
_arus _aeng |
|
| 102 | _aRU | ||
| 105 | _aa ||||||||| | ||
| 200 | 1 |
_aАнглийский язык для специалистов сферы общественного питания _dEnglish for cooking and catering _eучебное пособие для студентов учреждений среднего профессионального образования, обучающихся по специальности "Технология продукции общественного питания" _fН. И. Щербакова, Н. С. Звенигородская _zeng |
|
| 205 | _a7-е изд., стер. | ||
| 210 |
_aМосква _cАкадемия _d2012 |
||
| 215 |
_a319 с. _cил., табл. _d22 |
||
| 225 | 1 |
_aСреднее профессиональное образование _iТехнология продовольственных товаров |
|
| 320 | _aБиблиогр.: с. 317 (18 назв.) | ||
| 510 | 1 |
_6z45790 _aEnglish for cooking and catering _zeng |
|
| 606 | 1 |
_aАнглийский язык _jУчебные издания для среднего профессионального образования _9972309 _3RU\NLR\AUTH\6646032 |
|
| 606 | 1 |
_aАнглийский язык _xУчебные издания для специалистов в области общественного питания _92573989 _3RU\NLR\AUTH\661521992 |
|
| 686 | 1 | _aШ143.21-93рус227 | |
| 700 | 1 |
_4070 _8rus _7ca _aЩербакова _bН. И. _cфилолог _f1952- _gНина Ивановна _3RU\NLR\auth\7758541 _941473 |
|
| 701 | 1 |
_4070 _8rus _7ca _aЗвенигородская _bН. С. _gНаталия Семеновна _3RU\NLR\auth\7758543 _941475 |
|
| 790 | 1 |
_6z45 _aŠčerbakova _bN. I. _gNina Ivanovna |
|
| 790 | 1 |
_6z45 _6z45510 _aZvenigorodskaja _bN. S. _gNatalija Semenovna |
|
| 801 | 0 |
_aRU _bNLR _c20120808 _gRCR |
|
| 801 | 1 |
_aRU _bNLR _c20120808 |
|
| 942 | _cBOOK | ||
| 980 | _aNBR | ||